US States with Higher Population than Los Angeles County - Statistics

General Stats
  • This quiz has been taken 45 times
  • The average score is 9 of 10
Answer Stats
State Population % Correct
Florida 22,085,563
100%
New York 20,365,879
100%
Texas 29,945,493
100%
California 39,995,077
95%
Georgia 10,916,760
87%
Illinois 12,808,884
85%
North Carolina 10,620,168
85%
Pennsylvania 13,062,764
85%
Ohio 11,852,036
82%
Michigan 10,116,069
79%
No matching quizzes found
Score Distribution
Percent of People with Each Score
Percentile by Number Answered
Your Score History
You have not taken this quiz